| 000 | 00738cab a2200205 4500 | ||
|---|---|---|---|
| 001 | ABS50766 | ||
| 008 | 090401t1994 xxu||||| |||| 00| 0 eng d | ||
| 035 | _a(Sirsi) u39642 | ||
| 041 | _aeng | ||
| 100 | _aJessel, C. | ||
| 245 | 4 | _aThe farm: who runs the business? | |
| 260 | _c1994 | ||
| 350 | _a0 | ||
| 490 |
_aCountry Landowner _vMay 1994, 6-7(2) |
||
| 520 | _aConsiders the points in favour of the various alternative means of running a family farm as a business and advises when each is most appropriate. Looks at tax issues, funding and dissolving a business, whether it is run as a partnership, family company or sole trader. | ||
| 650 | _aFARM BUSINESS | ||
| 690 | _aRURAL PRACTICE | ||
| 942 | _n0 | ||
| 948 | _c04/03/1997 | ||
| 999 |
_c25409 _d25409 |
||